[Event "European Individual Championship - Reyk"]
[Site "Reykjavik, Iceland"]
[Date "2021.08.26"]
[Round "1.31"]
[White "Gretarsson, Hjorvar Steinn"]
[Black "Kanyamarala, Trisha"]
[Result "1-0"]
[WhiteElo "2603"]
[BlackElo "2180"]
[PlyCount "101"]
[EventDate "2021.??.??"]

1. Nf3 {[%emt 0:00:04]} d5 {[%emt 0:00:18]} 2. g3 {[%emt 0:00:09]} Nf6 {
[%emt 0:01:40]} 3. Bg2 {[%emt 0:00:14]} e6 {[%emt 0:00:47]} 4. O-O {[%emt 0:00:
14]} c5 {[%emt 0:01:34]} 5. d4 {[%emt 0:01:02]} Nc6 {[%emt 0:02:45]} 6. c4 {
[%emt 0:00:58]} dxc4 {[%emt 0:06:49]} 7. Na3 {[%emt 0:01:05]} cxd4 {[%emt 0:08:
38]} 8. Nxc4 {[%emt 0:00:46]} Be7 {[%emt 0:01:27]} 9. Nfe5 {[%emt 0:09:02]}
Nxe5 {[%emt 0:05:53]} 10. Nxe5 {[%emt 0:00:21]} O-O {[%emt 0:00:45]} 11. b3 {
[%emt 0:08:31]} Nd7 {[%emt 0:11:26]} 12. Nf3 {[%emt 0:21:32]} e5 {[%emt 0:05:
50]} 13. e3 {[%emt 0:01:30]} dxe3 {[%emt 0:06:08]} 14. Bxe3 {[%emt 0:00:07]}
Bf6 {[%emt 0:03:27]} 15. Rc1 {[%emt 0:03:07]} Nb6 {[%emt 0:07:38]} 16. Nd2 {
[%emt 0:01:27]} Bg5 {[%emt 0:10:28]} 17. Bxg5 {[%emt 0:11:59]} Qxg5 {[%emt 0:
00:10]} 18. Ne4 {[%emt 0:01:54]} Qe7 {[%emt 0:03:56]} 19. Qd6 {[%emt 0:01:38]}
Qxd6 {[%emt 0:04:00]} 20. Nxd6 {[%emt 0:00:03]} Be6 {[%emt 0:04:59]} 21. Bxb7 {
[%emt 0:09:32]} Rab8 {[%emt 0:01:30]} 22. Rfd1 {[%emt 0:03:53]} Rfd8 {[%emt 0:
04:33]} 23. Bf3 {[%emt 0:10:08]} h6 {[%emt 0:03:52]} 24. Nb5 {[%emt 0:05:23]}
Rxd1+ {[%emt 0:02:39]} 25. Rxd1 {[%emt 0:00:05]} a5 {[%emt 0:00:38]} 26. Nc7 {
[%emt 0:02:09]} Bf5 {[%emt 0:00:42]} 27. g4 {[%emt 0:00:58]} Bc2 {[%emt 0:00:
43]} 28. Rd6 {[%emt 0:01:11]} e4 {[%emt 0:00:39]} 29. Be2 {[%emt 0:00:50]} Na8
{[%emt 0:00:31]} 30. Nd5 {[%emt 0:01:00]} Bb1 {[%emt 0:00:32]} 31. Ne7+ {
[%emt 0:01:37]} Kh7 {[%emt 0:00:24]} 32. Rd2 {[%emt 0:01:56]} Nc7 {[%emt 0:00:
33]} 33. Nc6 {[%emt 0:00:56]} Ra8 {[%emt 0:00:09]} 34. Bc4 {[%emt 0:00:22]} Kg6
{[%emt 0:00:54]} 35. Rd7 {[%emt 0:01:10]} Ne6 {[%emt 0:00:27]} 36. a4 {[%emt 0:
00:09]} Kf6 {[%emt 0:00:30]} 37. Rd5 {[%emt 0:00:34]} g6 {[%emt 0:00:22]} 38.
h4 {[%emt 0:00:49]} Rc8 {[%emt 0:00:41]} 39. Nxa5 {[%emt 0:00:30]} Nf4 {
[%emt 0:00:28]} 40. Rd7 {[%emt 0:00:33]} Ne6 {[%emt 0:00:24]} 41. Nb7 {[%emt 0:
00:45]} Bc2 {[%emt 0:00:36]} 42. a5 {[%emt 0:00:41]} g5 {[%emt 0:00:29]} 43. a6
{[%emt 0:00:32]} gxh4 {[%emt 0:00:21]} 44. Nd6 {[%emt 0:00:27]} Rg8 {[%emt 0:
00:39]} 45. a7 {[%emt 0:00:32]} h3 {[%emt 0:01:44]} 46. Kh2 {[%emt 0:00:56]}
Ng5 {[%emt 0:00:49]} 47. Nxf7 {[%emt 0:03:07]} Nf3+ {[%emt 0:00:39]} 48. Kxh3 {
[%emt 0:00:15]} Ng1+ {[%emt 0:01:09]} 49. Kg3 {[%emt 0:00:31]} e3 {[%emt 0:01:
51]} 50. Rd6+ {[%emt 0:01:13]} Ke7 {[%emt 0:00:19]} 51. Re6+ {[%emt 0:00:15]}
1-0

[Event "European Individual Championship - Reyk"]
[Site "Reykjavik, Iceland"]
[Date "2021.08.26"]
[Round "1.33"]
[White "Demchenko, Anton"]
[Black "Birkisson, Bardur Orn"]
[Result "1-0"]
[WhiteElo "2597"]
[BlackElo "2163"]
[PlyCount "47"]
[EventDate "2021.??.??"]

1. e4 {[%emt 0:00:07]} e5 {[%emt 0:00:14]} 2. Nf3 {[%emt 0:00:06]} Nc6 {
[%emt 0:00:14]} 3. Bc4 {[%emt 0:00:20]} Nf6 {[%emt 0:00:37]} 4. d3 {[%emt 0:00:
06]} Bc5 {[%emt 0:00:28]} 5. O-O {[%emt 0:01:13]} a6 {[%emt 0:04:18]} 6. a4 {
[%emt 0:01:58]} d6 {[%emt 0:01:36]} 7. c3 {[%emt 0:01:14]} Ba7 {[%emt 0:01:15]}
8. Nbd2 {[%emt 0:02:55]} O-O {[%emt 0:01:43]} 9. h3 {[%emt 0:00:14]} Ne7 {
[%emt 0:08:12]} 10. Re1 {[%emt 0:07:51]} Ng6 {[%emt 0:03:25]} 11. d4 {[%emt 0:
01:22]} Nh5 {[%emt 0:08:53]} 12. Nxe5 {[%emt 0:08:34]} dxe5 {[%emt 0:02:29]}
13. Qxh5 {[%emt 0:00:07]} exd4 {[%emt 0:13:37]} 14. Nf3 {[%emt 0:00:37]} Qf6 {
[%emt 0:01:05]} 15. Bg5 {[%emt 0:27:00]} Qc6 {[%emt 0:15:34]} 16. Bd5 {[%emt 0:
00:36]} Qd6 {[%emt 0:03:48]} 17. cxd4 {[%emt 0:00:59]} c6 {[%emt 0:00:27]} 18.
Ba2 {[%emt 0:04:52]} Bxd4 {[%emt 0:02:23]} 19. Rad1 {[%emt 0:01:28]} c5 {
[%emt 0:00:26]} 20. e5 {[%emt 0:06:07]} Qb6 {[%emt 0:02:23]} 21. Be3 {[%emt 0:
09:57]} Bxe3 {[%emt 0:12:43]} 22. fxe3 {[%emt 0:00:05]} Be6 {[%emt 0:05:49]}
23. Ng5 {[%emt 0:00:57]} h6 {[%emt 0:00:20]} 24. Nxe6 {[%emt 0:00:43]} 1-0

[Event "European Individual Championship - Reyk"]
[Site "Reykjavik, Iceland"]
[Date "2021.08.26"]
[Round "1.34"]
[White "Pappelis, Dimitrios"]
[Black "Mamedov, Nidjat"]
[Result "1/2-1/2"]
[WhiteElo "2160"]
[BlackElo "2595"]
[PlyCount "68"]
[EventDate "2021.??.??"]

1. c4 {[%emt 0:00:06]} e5 {[%emt 0:00:27]} 2. Nc3 {[%emt 0:00:24]} Nf6 {
[%emt 0:00:08]} 3. Nf3 {[%emt 0:00:31]} Nc6 {[%emt 0:00:08]} 4. e3 {[%emt 0:00:
48]} Bb4 {[%emt 0:01:27]} 5. Qc2 {[%emt 0:01:51]} O-O {[%emt 0:04:55]} 6. a3 {
[%emt 0:01:03]} Bxc3 {[%emt 0:00:10]} 7. Qxc3 {[%emt 0:00:11]} Re8 {[%emt 0:00:
13]} 8. b4 {[%emt 0:03:49]} d5 {[%emt 0:07:05]} 9. Bb2 {[%emt 0:16:48]} d4 {
[%emt 0:04:35]} 10. Qb3 {[%emt 0:03:45]} Bg4 {[%emt 0:15:17]} 11. Be2 {[%emt 0:
04:33]} Qe7 {[%emt 0:07:54]} 12. h3 {[%emt 0:14:17]} Bh5 {[%emt 0:02:49]} 13.
Rc1 {[%emt 0:18:10]} Rad8 {[%emt 0:04:47]} 14. c5 {[%emt 0:04:38]} a6 {[%emt 0:
09:57]} 15. Qc4 {[%emt 0:06:17]} dxe3 {[%emt 0:15:10]} 16. dxe3 {[%emt 0:00:47]
} e4 {[%emt 0:00:06]} 17. Nd2 {[%emt 0:04:11]} Ne5 {[%emt 0:02:12]} 18. Bxe5 {
[%emt 0:01:03]} Qxe5 {[%emt 0:00:08]} 19. Bxh5 {[%emt 0:05:31]} Qxh5 {[%emt 0:
04:08]} 20. Qe2 {[%emt 0:00:45]} Qh6 {[%emt 0:07:15]} 21. O-O {[%emt 0:07:05]}
Rd5 {[%emt 0:00:11]} 22. Nc4 {[%emt 0:00:48]} Rg5 {[%emt 0:01:12]} 23. f4 {
[%emt 0:01:39]} exf3 {[%emt 0:04:44]} 24. Qxf3 {[%emt 0:00:06]} Rd5 {[%emt 0:
02:40]} 25. Rcd1 {[%emt 0:00:56]} Rxd1 {[%emt 0:03:18]} 26. Rxd1 {[%emt 0:00:
06]} Qh4 {[%emt 0:00:05]} 27. Rd4 {[%emt 0:01:20]} Qe1+ {[%emt 0:00:06]} 28.
Kh2 {[%emt 0:00:10]} c6 {[%emt 0:00:07]} 29. Qg3 {[%emt 0:01:15]} Qxg3+ {
[%emt 0:02:46]} 30. Kxg3 {[%emt 0:00:06]} Kf8 {[%emt 0:00:04]} 31. Kf3 {
[%emt 0:00:33]} Ke7 {[%emt 0:00:16]} 32. Nd6 {[%emt 0:00:43]} Rb8 {[%emt 0:00:
02]} 33. e4 {[%emt 0:00:37]} g6 {[%emt 0:00:40]} 34. Nc4 {[%emt 0:01:05]} Ne8 {
[%emt 0:01:42]} 1/2-1/2

[Event "European Individual Championship - Reyk"]
[Site "Reykjavik, Iceland"]
[Date "2021.08.26"]
[Round "1.35"]
[White "Romanov, Evgeny"]
[Black "Bergsson, Stefan"]
[Result "1-0"]
[WhiteElo "2594"]
[BlackElo "2158"]
[PlyCount "47"]
[EventDate "2021.??.??"]

1. c4 {[%emt 0:01:29]} c5 {[%emt 0:01:00]} 2. Nc3 {[%emt 0:01:33]} Nc6 {
[%emt 0:00:38]} 3. Nf3 {[%emt 0:00:21]} g6 {[%emt 0:05:54]} 4. g3 {[%emt 0:01:
36]} Bg7 {[%emt 0:00:16]} 5. Bg2 {[%emt 0:00:06]} e5 {[%emt 0:01:22]} 6. O-O {
[%emt 0:00:30]} d6 {[%emt 0:00:27]} 7. a3 {[%emt 0:01:07]} Be6 {[%emt 0:00:36]}
8. d3 {[%emt 0:00:40]} Nge7 {[%emt 0:01:07]} 9. Ng5 {[%emt 0:06:22]} Bd7 {
[%emt 0:06:50]} 10. b4 {[%emt 0:07:29]} cxb4 {[%emt 0:04:31]} 11. axb4 {
[%emt 0:00:31]} h6 {[%emt 0:05:25]} 12. Nge4 {[%emt 0:02:02]} Be6 {[%emt 0:12:
27]} 13. c5 {[%emt 0:12:41]} dxc5 {[%emt 0:13:51]} 14. b5 {[%emt 0:00:47]} Nd4
{[%emt 0:03:03]} 15. Nxc5 {[%emt 0:00:12]} Rc8 {[%emt 0:02:23]} 16. Ba3 {
[%emt 0:03:45]} O-O {[%emt 0:22:31]} 17. e3 {[%emt 0:01:57]} b6 {[%emt 0:05:18]
} 18. exd4 {[%emt 0:03:23]} bxc5 {[%emt 0:00:12]} 19. dxc5 {[%emt 0:00:10]} Qa5
{[%emt 0:02:25]} 20. c6 {[%emt 0:08:08]} Qc7 {[%emt 0:04:01]} 21. Ne4 {[%emt 0:
02:39]} Rfd8 {[%emt 0:00:14]} 22. Nc5 {[%emt 0:01:42]} Nf5 {[%emt 0:05:32]} 23.
Nxe6 {[%emt 0:02:33]} fxe6 {[%emt 0:00:02]} 24. Be4 {[%emt 0:02:19]} 1-0

[Event "European Individual Championship - Reyk"]
[Site "Reykjavik, Iceland"]
[Date "2021.08.26"]
[Round "1.36"]
[White "Saraci, Korab"]
[Black "Huschenbeth, Niclas"]
[Result "0-1"]
[WhiteElo "2154"]
[BlackElo "2592"]
[PlyCount "78"]
[EventDate "2021.??.??"]

1. e4 {[%emt 0:00:05]} c5 {[%emt 0:00:04]} 2. c3 {[%emt 0:00:05]} Nf6 {[%emt 0:
00:04]} 3. e5 {[%emt 0:00:06]} Nd5 {[%emt 0:00:04]} 4. d4 {[%emt 0:00:05]} cxd4
{[%emt 0:00:09]} 5. cxd4 {[%emt 0:00:06]} d6 {[%emt 0:00:19]} 6. Nf3 {[%emt 0:
00:16]} Nc6 {[%emt 0:00:04]} 7. Bc4 {[%emt 0:00:05]} dxe5 {[%emt 0:00:05]} 8.
dxe5 {[%emt 0:08:46]} Ndb4 {[%emt 0:00:17]} 9. Qb3 {[%emt 0:05:50]} e6 {
[%emt 0:00:07]} 10. Bd2 {[%emt 0:40:54]} Na5 {[%emt 0:26:31]} 11. Bb5+ {
[%emt 0:06:17]} Bd7 {[%emt 0:00:05]} 12. Qa4 {[%emt 0:02:41]} Nac6 {[%emt 0:01:
15]} 13. a3 {[%emt 0:03:28]} Nd5 {[%emt 0:02:11]} 14. Qc2 {[%emt 0:04:00]} Nxe5
{[%emt 0:07:20]} 15. Bxd7+ {[%emt 0:01:58]} Nxd7 {[%emt 0:00:04]} 16. Nc3 {
[%emt 0:00:08]} N7b6 {[%emt 0:08:56]} 17. O-O {[%emt 0:05:25]} Be7 {[%emt 0:00:
55]} 18. Ne4 {[%emt 0:02:50]} Rc8 {[%emt 0:03:23]} 19. Qd3 {[%emt 0:00:28]} O-O
{[%emt 0:01:28]} 20. Rac1 {[%emt 0:05:06]} Nf6 {[%emt 0:02:08]} 21. Qe2 {
[%emt 0:02:39]} Qd5 {[%emt 0:02:13]} 22. Bg5 {[%emt 0:06:19]} Qxe4 {[%emt 0:08:
35]} 23. Qxe4 {[%emt 0:00:06]} Nxe4 {[%emt 0:00:03]} 24. Bxe7 {[%emt 0:00:07]}
Rfe8 {[%emt 0:00:25]} 25. Rxc8 {[%emt 0:02:11]} Rxc8 {[%emt 0:00:05]} 26. Re1 {
[%emt 0:01:00]} Nc5 {[%emt 0:02:29]} 27. h3 {[%emt 0:01:53]} Nd3 {[%emt 0:03:
02]} 28. Re2 {[%emt 0:00:50]} Nf4 {[%emt 0:02:31]} 29. Rd2 {[%emt 0:00:32]}
Nfd5 {[%emt 0:00:29]} 30. Bh4 {[%emt 0:00:34]} f6 {[%emt 0:03:20]} 31. Nd4 {
[%emt 0:00:37]} Rc1+ {[%emt 0:04:44]} 32. Kh2 {[%emt 0:00:08]} Nc4 {[%emt 0:00:
41]} 33. Re2 {[%emt 0:00:45]} e5 {[%emt 0:01:45]} 34. Ne6 {[%emt 0:00:25]} Kf7
{[%emt 0:03:04]} 35. Nd8+ {[%emt 0:00:14]} Ke7 {[%emt 0:00:13]} 36. Nxb7 {
[%emt 0:00:21]} Nf4 {[%emt 0:00:23]} 37. Re4 {[%emt 0:00:32]} g5 {[%emt 0:00:
48]} 38. Bg3 {[%emt 0:00:26]} Nd2 {[%emt 0:00:29]} 39. Bxf4 {[%emt 0:00:12]}
gxf4 {[%emt 0:00:19]} 0-1

[Event "European Individual Championship - Reyk"]
[Site "Reykjavik, Iceland"]
[Date "2021.08.26"]
[Round "1.37"]
[White "Parligras, Mircea-Emilian"]
[Black "Stremavicius, Pijus"]
[Result "1-0"]
[WhiteElo "2591"]
[BlackElo "2146"]
[PlyCount "85"]
[EventDate "2021.??.??"]

1. d4 {[%emt 0:00:03]} d6 {[%emt 0:00:19]} 2. e4 {[%emt 0:00:25]} Nf6 {[%emt 0:
00:08]} 3. Bd3 {[%emt 0:00:06]} e5 {[%emt 0:00:05]} 4. c3 {[%emt 0:00:07]} d5 {
[%emt 0:00:03]} 5. dxe5 {[%emt 0:00:18]} Nxe4 {[%emt 0:00:15]} 6. Nf3 {[%emt 0:
00:07]} Nc6 {[%emt 0:01:42]} 7. O-O {[%emt 0:01:17]} Bg4 {[%emt 0:00:30]} 8.
Nbd2 {[%emt 0:00:12]} Be7 {[%emt 0:06:41]} 9. Nxe4 {[%emt 0:04:36]} dxe4 {
[%emt 0:00:07]} 10. Bxe4 {[%emt 0:00:06]} Qxd1 {[%emt 0:00:08]} 11. Rxd1 {
[%emt 0:03:42]} Nxe5 {[%emt 0:02:56]} 12. Bxb7 {[%emt 0:06:02]} Bxf3 {[%emt 0:
01:00]} 13. gxf3 {[%emt 0:04:14]} Rb8 {[%emt 0:00:42]} 14. f4 {[%emt 0:00:15]}
Rxb7 {[%emt 0:00:36]} 15. fxe5 {[%emt 0:00:06]} f6 {[%emt 0:01:51]} 16. Re1 {
[%emt 0:10:35]} fxe5 {[%emt 0:12:58]} 17. Rxe5 {[%emt 0:00:16]} Kd7 {[%emt 0:
20:23]} 18. b3 {[%emt 0:01:55]} a6 {[%emt 0:03:38]} 19. Be3 {[%emt 0:01:57]}
Rb5 {[%emt 0:00:22]} 20. Rd1+ {[%emt 0:01:21]} Bd6 {[%emt 0:00:06]} 21. Red5 {
[%emt 0:02:36]} Kc6 {[%emt 0:00:54]} 22. c4 {[%emt 0:00:18]} Rxd5 {[%emt 0:00:
06]} 23. Rd3 {[%emt 0:00:08]} Rd4 24. Rxd4 g6 {[%emt 0:00:29]} 25. Rd5 Rf8 {
[%emt 0:12:21]} 26. Kg2 Ra8 27. h3 {[%emt 0:04:07]} a5 {[%emt 0:00:37]} 28. a4
{[%emt 0:04:45]} Bb4 {[%emt 0:03:08]} 29. Kf3 {[%emt 0:09:52]} Rf8+ {[%emt 0:
01:39]} 30. Ke2 {[%emt 0:02:57]} Rf7 {[%emt 0:00:19]} 31. h4 {[%emt 0:07:40]}
h5 {[%emt 0:03:53]} 32. Rg5 {[%emt 0:00:29]} Rf6 {[%emt 0:00:43]} 33. Bd4 {
[%emt 0:03:18]} Re6+ {[%emt 0:01:59]} 34. Kd3 {[%emt 0:00:19]} Be1 {[%emt 0:02:
28]} 35. f4 {[%emt 0:05:29]} Rd6 {[%emt 0:06:50]} 36. f5 {[%emt 0:05:00]} gxf5
{[%emt 0:03:52]} 37. Rxf5 {[%emt 0:00:06]} Bxh4 {[%emt 0:02:01]} 38. Rxa5 {
[%emt 0:00:29]} Be1 {[%emt 0:02:09]} 39. Rxh5 {[%emt 0:00:51]} Rg6 {[%emt 0:00:
06]} 40. Re5 {[%emt 0:02:43]} Bb4 {[%emt 0:00:17]} 41. Be3 {[%emt 0:01:27]}
Rd6+ {[%emt 0:00:13]} 42. Kc2 {[%emt 0:01:05]} Rg6 {[%emt 0:00:27]} 43. Rb5 {
[%emt 0:01:20] Kd5} 1-0

[Event "European Individual Championship - Reyk"]
[Site "Reykjavik, Iceland"]
[Date "2021.08.26"]
[Round "1.38"]
[White "Halldorsson, Jon Arni"]
[Black "Sivuk, Vitaly"]
[Result "0-1"]
[WhiteElo "2115"]
[BlackElo "2589"]
[PlyCount "58"]
[EventDate "2021.??.??"]

1. d4 {[%emt 0:00:03]} Nf6 {[%emt 0:00:14]} 2. Nf3 {[%emt 0:00:10]} g6 {
[%emt 0:00:27]} 3. g3 {[%emt 0:00:40]} c5 {[%emt 0:01:18]} 4. dxc5 {[%emt 0:02:
09]} Na6 {[%emt 0:02:34]} 5. Bg2 {[%emt 0:00:24]} Nxc5 {[%emt 0:01:03]} 6. O-O
{[%emt 0:00:40]} Bg7 {[%emt 0:00:29]} 7. c4 {[%emt 0:06:16]} b6 {[%emt 0:05:30]
} 8. Nd4 {[%emt 0:03:30]} Bb7 {[%emt 0:01:17]} 9. Bxb7 {[%emt 0:00:29]} Nxb7 {
[%emt 0:00:06]} 10. Nc3 {[%emt 0:00:20]} Rc8 {[%emt 0:01:32]} 11. b3 {[%emt 0:
06:35]} d5 {[%emt 0:03:39]} 12. Nxd5 {[%emt 0:02:35]} Nxd5 {[%emt 0:00:47]} 13.
cxd5 {[%emt 0:00:08]} Qxd5 {[%emt 0:00:11]} 14. Bb2 {[%emt 0:13:28]} O-O {
[%emt 0:10:18]} 15. e3 {[%emt 0:11:57]} Rfd8 {[%emt 0:05:55]} 16. Qe2 {[%emt 0:
06:50]} e5 {[%emt 0:03:35]} 17. Nf3 {[%emt 0:05:35]} e4 {[%emt 0:10:12]} 18.
Nd4 {[%emt 0:06:28]} Nc5 {[%emt 0:00:30]} 19. Rac1 {[%emt 0:05:12]} Nd3 {
[%emt 0:01:36]} 20. Rxc8 {[%emt 0:00:14]} Rxc8 {[%emt 0:00:05]} 21. Ba1 {
[%emt 0:00:18]} Qd7 {[%emt 0:07:04]} 22. f3 {[%emt 0:03:17]} Nc5 {[%emt 0:06:
54]} 23. Rd1 {[%emt 0:09:13]} Qe7 {[%emt 0:03:50]} 24. f4 {[%emt 0:07:02]} Nd3
{[%emt 0:01:33]} 25. Rd2 {[%emt 0:01:23]} Rc1+ {[%emt 0:01:55]} 26. Rd1 {
[%emt 0:00:05]} Qa3 {[%emt 0:00:41]} 27. Nb5 {[%emt 0:07:46]} Rxd1+ {[%emt 0:
01:11]} 28. Qxd1 {[%emt 0:00:04]} Qxa2 {[%emt 0:00:11]} 29. Bd4 {[%emt 0:01:06]
} Qf2+ {[%emt 0:00:21]} 0-1

[Event "European Individual Championship - Reyk"]
[Site "Reykjavik, Iceland"]
[Date "2021.08.26"]
[Round "1.39"]
[White "Nguyen, Thai Dai Van"]
[Black "Mai, Aron Thor"]
[Result "1-0"]
[WhiteElo "2588"]
[BlackElo "2110"]
[PlyCount "65"]
[EventDate "2021.??.??"]

1. d4 {[%emt 0:00:32]} d6 {[%emt 0:01:12]} 2. Nf3 {[%emt 0:06:22]} Nf6 {
[%emt 0:00:44]} 3. c4 {[%emt 0:00:43]} g6 {[%emt 0:00:24]} 4. g3 {[%emt 0:01:
29]} Bg7 {[%emt 0:00:16]} 5. Bg2 {[%emt 0:00:10]} O-O {[%emt 0:00:08]} 6. O-O {
[%emt 0:01:10]} c5 {[%emt 0:00:23]} 7. Nc3 {[%emt 0:02:19]} Nc6 {[%emt 0:00:09]
} 8. dxc5 {[%emt 0:01:34]} dxc5 {[%emt 0:00:13]} 9. Bf4 {[%emt 0:00:47]} Nh5 {
[%emt 0:05:52]} 10. Bg5 {[%emt 0:10:44]} h6 {[%emt 0:03:57]} 11. Be3 {[%emt 0:
10:08]} Be6 {[%emt 0:37:30]} 12. Nd2 {[%emt 0:22:09]} Nd4 {[%emt 0:14:20]} 13.
Nb3 {[%emt 0:02:29]} Bxc4 {[%emt 0:05:17]} 14. Nxc5 {[%emt 0:00:10]} Nxe2+ {
[%emt 0:06:21]} 15. Nxe2 {[%emt 0:00:05]} Qxd1 {[%emt 0:00:09]} 16. Rfxd1 Bxe2
{[%emt 0:00:13]} 17. Rd2 {[%emt 0:01:09]} Bb5 {[%emt 0:01:07]} 18. Bxb7 {
[%emt 0:08:23]} Rad8 {[%emt 0:01:29]} 19. Rad1 {[%emt 0:00:22]} Rxd2 {[%emt 0:
05:43]} 20. Rxd2 {[%emt 0:00:05]} Nf6 {[%emt 0:03:44]} 21. a4 {[%emt 0:02:32]}
Be8 {[%emt 0:02:26]} 22. h3 {[%emt 0:00:52]} e6 {[%emt 0:01:15]} 23. b4 {
[%emt 0:00:21]} Nd5 {[%emt 0:01:35]} 24. Bxd5 {[%emt 0:00:06]} exd5 {[%emt 0:
00:05]} 25. b5 {[%emt 0:00:11]} d4 {[%emt 0:03:20]} 26. Bxd4 {[%emt 0:00:06]}
Bxd4 {[%emt 0:00:11]} 27. Rxd4 {[%emt 0:00:04]} f5 {[%emt 0:00:26]} 28. Rd8 {
[%emt 0:00:11]} Bf7 {[%emt 0:01:13]} 29. Nb7 {[%emt 0:05:33]} Bb3 {[%emt 0:04:
00]} 30. a5 {[%emt 0:00:46]} Kg7 {[%emt 0:01:06]} 31. Rxf8 {[%emt 0:00:19]}
Kxf8 {[%emt 0:00:03]} 32. b6 {[%emt 0:00:12]} axb6 {[%emt 0:00:38]} 33. axb6 {
[%emt 0:00:06]} 1-0

[Event "European Individual Championship - Reyk"]
[Site "Reykjavik, Iceland"]
[Date "2021.08.26"]
[Round "1.40"]
[White "Ptacnikova, Lenka"]
[Black "Gabuzyan, Hovhannes"]
[Result "0-1"]
[WhiteElo "2109"]
[BlackElo "2587"]
[PlyCount "52"]
[EventDate "2021.??.??"]

1. c4 g6 {[%emt 0:00:06]} 2. g3 {[%emt 0:00:29]} Bg7 {[%emt 0:00:04]} 3. Bg2 {
[%emt 0:00:04]} c5 {[%emt 0:00:04]} 4. Nc3 {[%emt 0:00:12]} Nc6 {[%emt 0:00:06]
} 5. d3 {[%emt 0:00:24]} d6 {[%emt 0:01:48]} 6. e4 {[%emt 0:00:47]} a6 {
[%emt 0:00:56]} 7. Nge2 {[%emt 0:00:40]} Nf6 {[%emt 0:00:25]} 8. h3 {[%emt 0:
01:49]} O-O {[%emt 0:00:22]} 9. O-O {[%emt 0:00:07]} Rb8 {[%emt 0:00:15]} 10.
a4 {[%emt 0:00:11]} Ne8 {[%emt 0:00:05]} 11. Be3 {[%emt 0:02:24]} e5 {[%emt 0:
00:07]} 12. f4 {[%emt 0:06:21]} exf4 {[%emt 0:00:18]} 13. Nxf4 {[%emt 0:00:57]}
Nc7 {[%emt 0:00:11]} 14. Nfd5 {[%emt 0:01:27]} Nxd5 {[%emt 0:00:14]} 15. exd5 {
[%emt 0:06:46]} Nd4 {[%emt 0:00:40]} 16. g4 {[%emt 0:01:16]} f5 {[%emt 0:01:03]
} 17. g5 {[%emt 0:00:57]} Re8 {[%emt 0:00:08]} 18. Bd2 {[%emt 0:05:04]} b5 {
[%emt 0:00:58]} 19. axb5 {[%emt 0:00:07]} axb5 {[%emt 0:00:09]} 20. cxb5 {
[%emt 0:03:42]} Nxb5 {[%emt 0:00:08]} 21. Re1 {[%emt 0:01:09]} Nd4 {[%emt 0:00:
16]} 22. Qa4 {[%emt 0:01:41]} Bd7 {[%emt 0:01:07]} 23. Rxe8+ {[%emt 0:01:00]}
Bxe8 {[%emt 0:00:25]} 24. Qa7 {[%emt 0:02:16]} Nb3 {[%emt 0:00:47]} 25. Rd1 {
[%emt 0:00:21]} Ra8 {[%emt 0:00:13]} 26. Qb7 {[%emt 0:00:04]} Na5 {[%emt 0:00:
11]} 0-1

[Event "European Individual Chess Championship "]
[Site "Reykjavik, Iceland"]
[Date "2021.08.26"]
[Round "1.41"]
[White "Thybo, Jesper Sondergaard"]
[Black "Mai, Alexander Oliver"]
[Result "1-0"]
[WhiteElo "2587"]
[BlackElo "2090"]
[PlyCount "69"]
[EventDate "2021.08.26"]

1. Nf3 Nf6 2. c4 g6 3. Nc3 Bg7 4. e4 d6 5. d4 O-O 6. Be2 e5 7. O-O Nc6 8. d5
Ne7 9. Bg5 Ne8 10. Nd2 f5 11. f3 f4 12. b4 Bf6 13. Bxf6 Rxf6 14. c5 g5 15. Nc4
h5 16. c6 b6 17. a4 a6 18. Kf2 Rg6 19. Ke1 g4 20. Kd2 Kh7 21. g3 fxg3 22. hxg3
Nf6 23. Ne3 gxf3 24. Bxf3 Bg4 25. Bxg4 Nxg4 26. Rh1 Kg7 27. Nxg4 hxg4 28. Rh4
Qf8 29. Qh1 Qg8 30. Rf1 Rb8 31. Nd1 a5 32. Ne3 axb4 33. Nf5+ Nxf5 34. exf5 Rg5
35. f6+ 1-0

[Event "European Individual Chess Championship "]
[Site "Reykjavik, Iceland"]
[Date "2021.08.26"]
[Round "1.42"]
[White "Hardarson, Petur Palmi"]
[Black "Ivic, Velimir"]
[Result "0-1"]
[WhiteElo "2084"]
[BlackElo "2571"]
[PlyCount "104"]
[EventDate "2021.08.26"]

1. d4 Nf6 2. c4 e6 3. Nf3 d5 4. Nc3 dxc4 5. e4 b5 6. e5 Nd5 7. Nxb5 Nb6 8. Be2
Nc6 9. O-O Be7 10. Be3 O-O 11. Qc1 Nb4 12. Rd1 Bb7 13. Na3 Nd3 14. Bxd3 Bxf3
15. gxf3 cxd3 16. Rxd3 c5 17. Nc4 Qd5 18. Nxb6 axb6 19. Qd1 c4 20. Rc3 Bb4 21.
Rcc1 f5 22. f4 Rfc8 23. Qf1 b5 24. Qg2 Kf7 25. Rc2 Be7 26. Qxd5 exd5 27. Kf1
Rc6 28. b3 Rca6 29. bxc4 bxc4 30. Rb2 Ke6 31. Bd2 Bd8 32. Ke2 Ra4 33. Be3 Kd7
34. Rb7+ Bc7 35. Rb2 Kc6 36. Bd2 Bb6 37. Be3 Ra3 38. h3 g5 39. Rd2 gxf4 40.
Bxf4 c3 41. Rc1 R8a4 42. Be3 f4 43. Bxf4 Bxd4 44. Rdc2 Bc5 45. Bg3 d4 46. Kd3
Rxa2 47. f4 Kd5 48. f5 Rxc2 49. Rxc2 Ra1 50. f6 Rg1 51. Bh2 Rf1 52. Re2 Rf3+
0-1

[Event "European Individual Chess Championship "]
[Site "Reykjavik, Iceland"]
[Date "2021.08.26"]
[Round "1.43"]
[White "Can, Emre"]
[Black "Jonsson, Gauti Pall"]
[Result "1-0"]
[WhiteElo "2569"]
[BlackElo "2070"]
[PlyCount "69"]
[EventDate "2021.08.26"]

1. d4 d6 2. Nf3 Bg4 3. c4 Nf6 4. Nc3 Bxf3 5. exf3 g6 6. Be2 Bg7 7. O-O O-O 8.
Be3 Nbd7 9. d5 c5 10. f4 Ne8 11. Qc2 Nc7 12. f5 b5 13. Nxb5 Nxb5 14. cxb5 a6
15. a4 axb5 16. Bxb5 Nb8 17. Rae1 Na6 18. Bg5 Nb4 19. Qd2 Bf6 20. Bxf6 exf6 21.
fxg6 hxg6 22. Re3 f5 23. Rfe1 Qg5 24. b3 Rab8 25. Bc4 Qf6 26. Re7 Kg7 27. g3
Rh8 28. Kg2 Rh5 29. R1e6 Qa1 30. h4 f4 31. Qxf4 Rf5 32. Qxd6 Qd4 33. Rxg6+ Kh7
34. Rh6+ Kg7 35. Qg6+ 1-0

[Event "European Individual Chess Championship "]
[Site "Reykjavik, Iceland"]
[Date "2021.08.26"]
[Round "1.44"]
[White "Karlsson, Mikael Johann"]
[Black "Paichadze, Luka"]
[Result "0-1"]
[WhiteElo "2067"]
[BlackElo "2564"]
[PlyCount "49"]
[EventDate "2021.08.26"]

1. c4 e5 2. g3 c6 3. d4 e4 4. a3 d5 5. Nc3 Nf6 6. Bg5 Be7 7. Bxf6 Bxf6 8. e3
Be6 9. Nge2 Bg5 10. Rc1 O-O 11. Nf4 Bxf4 12. gxf4 dxc4 13. Qh5 f5 14. Rg1 Qf6
15. Rc2 Nd7 16. f3 exf3 17. Qxf3 Nb6 18. Rcg2 Rf7 19. Rg5 Re8 20. Kd2 Nd5 21.
Qh5 Rd8 22. Nxd5 Bxd5 23. Qh4 Rd6 24. Rh5 Qxh4 25. Rxh4 {unreadable} 0-1

[Event "European Individual Chess Championship "]
[Site "Reykjavik, Iceland"]
[Date "2021.08.26"]
[Round "1.45"]
[White "Pantsulaia, Levan"]
[Black "Birkisson, Bjorn Holm"]
[Result "1-0"]
[WhiteElo "2564"]
[BlackElo "2064"]
[PlyCount "77"]
[EventDate "2021.08.26"]

1. Nf3 c5 2. c4 Nf6 3. g3 d5 4. cxd5 Nxd5 5. Bg2 Nc6 6. Nc3 Nc7 7. O-O e5 8. b3
Be7 9. Bb2 f6 10. e3 Qd3 11. Ne1 Qd8 12. Ne2 O-O 13. d4 cxd4 14. exd4 Nxd4 15.
Nxd4 exd4 16. Nc2 d3 17. Nd4 Ne6 18. Qxd3 Bc5 19. Rad1 Bxd4 20. Bxd4 Nxd4 21.
Qxd4 Qxd4 22. Rxd4 Re8 23. Rc1 Rb8 24. h4 Be6 25. Ra4 Rec8 26. Re1 Bd7 27. Rxa7
Bc6 28. Bxc6 Rxc6 29. Re7 Rb6 30. Rd7 Kf8 31. h5 h6 32. Kg2 Rb5 33. Kf3 Rb4 34.
g4 Rb5 35. Rd4 Rc8 36. Kf4 Rb6 37. f3 Rb5 38. Re4 Re5 39. Rxb7 1-0